Dopasuj najwyższy szczyt do państwa - Statystyki

Ogólne statystyki
  • Ten quiz został rozwiązany 73 razy
  • Średni wynik to 17 z 32
Statystyki odpowiedzi
Szczyt Kraj % Poprawnych
Rysy Polska
98%
Góra Kościuszki Australia
95%
Śnieżka Czechy
93%
Mont Blanc Francja
88%
Kenia Kenia
85%
Gerlach Słowacja
85%
Kilimandżaro Tanzania
83%
Fudżi Japonia
80%
Aconcagua Argentyna
78%
Denali Stany Zjednoczone
75%
K2 Pakistan
71%
Grossglockner Austria
68%
Elbrus Rosja
68%
Kanczendzonga Indie
64%
Góra Cooka Nowa Zelandia
59%
Dufourspitze Szwajcaria
59%
Logan Kanada
51%
Ararat Turcja
47%
Gangkhar Puensum Bhutan
42%
Ojos del Salado Chile
39%
Pico de Teide Hiszpania
39%
Noszak Afganistan
37%
Szczyt Zwycięstwa Kirgistan
32%
Grauspitz Liechtenstein
32%
Orizaba Meksyk
31%
Dżabal Tubkal Maroko
29%
Chan Tengri Kazachstan
25%
Góra Świętej Katarzyny Egipt
24%
Szchara Gruzja
20%
Tajumulco Gwatemala
20%
Szczyt Ismaila Samaniego Tadżykistan
20%
Mount Obama Antigua i Barbuda
8%
Nie znaleziono quizów pasujących do podanych kryteriów
Rozkład punktacji
Procent ludzi z każdym wynikiem
Percentyl według liczby udzielonych odpowiedzi
Twoja historia wyników
Nie rozwiązałeś tego quizu